Centeio, uma cultura pouco exigente (Registro n. 298562)
[ somente texto ]
| 000 -LÍDER | |
|---|---|
| fixed length control field | 00875nab a22002297a 4500 |
| 003 - CÓDIGO MARC DA AGÊNCIA CATALOGADORA | |
| Campo de controle | BR-BrBNA |
| 005 - DATA E HORA DA ÚLTIMA ATUALIZAÇÃO | |
| Campo de controle | 20240221154918.0 |
| 008 - CAMPO DE TAMANHO FIXO | |
| fixed length control field | 240221b bl.||||| |||| 00| 0 por d |
| 040 ## - FONTE DA CATALOGAÇÃO | |
| Agência catalogadora | BR-BrBNA |
| Idioma da catalogação | por |
| 072 ## - CATEGORIA AGRIS | |
| Código AGRIS | F01 ; J10 ; Q02 |
| Código do objeto | 0160 ; 9290 ; 9205; 8954 |
| 100 ## - ENTRADA PRINCIPAL - NOME PESSOAL | |
| Nome pessoal | Minzon, Damaris B. |
| 100 ## - ENTRADA PRINCIPAL - NOME PESSOAL | |
| Nome pessoal | Frattini, Jurandyr A. (cons.) |
| 245 ## - TÍTULO PRINCIPAL | |
| Título principal | Centeio, uma cultura pouco exigente |
| 500 ## - NOTA GERAL | |
| Nota geral | 4 ref.; 1 illus. |
| 942 ## - ADDED ENTRY ELEMENTS (KOHA) | |
| Koha item type | |
| 650 ## - ASSUNTO - THESAGRO | |
| Cabeçalho tópico ou nome geográfico | CENTEIO |
| 650 ## - ASSUNTO - THESAGRO | |
| Cabeçalho tópico ou nome geográfico | CEREAL |
| 650 ## - ASSUNTO - THESAGRO | |
| Cabeçalho tópico ou nome geográfico | FARINHA |
| 650 ## - ASSUNTO - THESAGRO | |
| Cabeçalho tópico ou nome geográfico | FORRAGEM |
| 773 0# - ENTRADA ANALÍTICA | |
| Host Biblionumber | 1330 |
| Registro do item | 275249 |
| Imprenta | Campinas-SP Coordenadoria de Assistência Técnica Integral - CATI - Centro de Comunicação Rural e Treinamento - CECORT 1979. Data final de publicação em 1990 |
| Outro identificador | 2023-437055 |
| Título | Casa da Agricultura (Brazil) |
| ISSN | 0100-6541 |
| Colação | v. 2(3) p. 26-27 (May-Jun 1980) |
| Número de controle de registro | BR2023002411 |
Nenhum exemplar disponível.

BINAGRI